[Event "GibChess Battle of the Sexes 2022"]
[Site "Caleta"]
[Date "2022.02.02"]
[Round "9.2"]
[White "Sukandar, Irine Kharisma"]
[Black "Csonka, Balazs"]
[Result "0-1"]
[WhiteElo "2407"]
[BlackElo "2480"]
[Annotator "TA"]
[PlyCount "112"]
[EventDate "2022.01.01"]
[EventType "schev"]
[EventCountry "GGB"]
[SourceTitle "playchess.com"]
[Source "ChessBase"]
[SourceQuality "1"]

{[%evp 15,112,26,17,-1,0,-6,0,0,0,0,0,0,0,0,-8,-16,0,-8,0,0,0,0,10,-33,-22,-17,18,-10,-8,-12,-9,-12,-5,-12,-6,-18,0,-33,-33,-33,-33,-42,-33,-27,-35,-42,-21,-29,0,0,0,0,0,-27,-12,-12,0,-12,-12,-75,-71,-78,-79,-148,-162,-425,-414,-601,-593,-652,-631,-647,-653,-643,-643,-622,-585,-702,-677,-772,-776,-752,-780,-1050,-1025,-1045,-1008,-1024,-1008,-920,-930,-1445,-1358,-1800,-1719,-12837,-12836,-2001,-5856]} 1. e4 e5 2. Nf3 Nc6 3. Bb5 {[%cal Bf1b5,Bb5a4,Ba4b3,Bb3a2][%mdl 32]} a6 4. Ba4 Nf6 5. O-O Be7 6. Re1 b5 7. Bb3 O-O 8. h3 {8.a4 is the modern continuation.} Bb7 9. a4 {C88: Closed Ruy Lopez: Anti-Marshall Systems.} Na5 10. Ba2 Nxe4 {[#] Strongly threatening ...Bc5.} 11. d3 {The position is equal.} Nf6 12. Nxe5 {[#]} c5 $146 ({Predecessor:} 12... d6 13. Nf3 c5 14. Nc3 b4 15. Ne4 Nxe4 16. dxe4 b3 17. cxb3 Nc6 18. Bb1 Bf6 {½-½ (24) Perez Olarte,C (2273)-Mendoza,R (2303) Cartagena 2019}) 13. Nd2 d6 14. Nef3 Re8 15. Nf1 Nc6 16. Ng3 Qd7 17. c3 h6 18. Bf4 Bf8 19. Qd2 (19. Ne4 $11 {might be stronger.}) 19... Rxe1+ 20. Rxe1 Re8 21. Rxe8 (21. Ne4 {looks sharper.} Nxe4 22. dxe4 Nb8 23. Qc2 Nc6 24. axb5 axb5 25. Qd2) 21... Nxe8 22. axb5 axb5 23. d4 c4 24. Bb1 Ne7 25. Nh2 Nf6 26. f3 Ned5 27. Ng4 Nxg4 28. hxg4 {[%cal Od2c2]} Nxf4 29. Qxf4 g6 30. Kf2 d5 (30... b4 {looks sharper.} 31. Bc2 Qb5 32. Qd2 bxc3 33. bxc3 Qb2) 31. Nf1 Qd6 (31... Qd8 {feels hotter.} 32. Bc2 b4 33. Bd1 bxc3 34. bxc3 Qa5) 32. Qxd6 Bxd6 $11 {[%mdl 4096] Endgame KBB-KBN} 33. Ne3 Kf8 34. g3 Ke7 35. Nc2 Kd7 36. f4 Kc6 37. Ba2 {[#]} (37. Ne3 $11) 37... b4 $1 $17 {Black continues to play with concentration.} 38. cxb4 Kb5 39. Bb1 ({White should play} 39. Ke2) 39... Ka4 {White must now prevent ...Kb3.} 40. Ne3 $2 (40. Ba2) 40... Kb3 $19 41. b5 (41. Bc2+ $142 Kxb2 42. Ba4) 41... Kxb2 {Black is clearly winning.} 42. Be4 Kc3 43. Bf3 Kxd4 44. Ke2 Kc5 45. Kd2 Be7 46. Kc2 Bf6 47. g5 hxg5 48. Ng4 Be7 49. fxg5 Bxg5 50. Ne5 Kxb5 51. Nxf7 Be7 52. Ne5 g5 53. Bg2 Kc5 54. Nd7+ Kd4 55. Nb6 Bc6 56. Bh3 Bd6 {Weighted Error Value: White=0.61/Black=0.04 (flawless)} 0-1

[Event "GibChess Battle of the Sexes 2022"]
[Site "Caleta"]
[Date "2022.02.02"]
[Round "9.3"]
[White "Girya, Olga"]
[Black "Krysa, Leandro"]
[Result "0-1"]
[WhiteElo "2416"]
[BlackElo "2516"]
[Annotator "TA"]
[PlyCount "178"]
[EventDate "2022.01.01"]
[EventType "schev"]
[EventCountry "GGB"]
[SourceTitle "playchess.com"]
[Source "ChessBase"]
[SourceQuality "1"]

{[%evp 11,178,0,0,0,0,0,0,0,0,-23,16,31,38,48,56,52,61,69,64,60,54,49,52,14,19,0,0,0,0,0,0,-17,-4,-43,0,-61,-64,-67,-64,-61,-64,-59,-58,-63,-59,-63,-45,-77,-68,-69,-54,-73,-60,-95,-94,-86,-97,-127,-122,-130,-125,-128,-102,-138,-142,-139,-128,-130,-103,-125,-78,-102,0,-111,-96,-114,-96,-97,-90,-97,-75,-97,-98,-98,-98,-98,-62,-62,-41,-62,-62,-65,-62,-91,-64,-64,-65,-64,-64,-64,-64,-66,-34,-41,-41,-66,0,-70,-66,-68,-47,-47,-47,-51,-62,-62,-42,-44,-42,-55,-42,-58,-28,-41,0,-66,0,-49,-47,-51,-50,-74,-74,-74,-28,-74,-74,-48,-43,-44,-44,-75,-48,-754,-681,-29966,-29969,-29969,-29970,-29972,-29969,-29974,-29970,-29957,0,-29974,-29975,-29976,-29977,-29976,-29975,-29978,-29979,-29977,-29978,-29976,-29977,-29983,-29984]} 1. d4 Nf6 2. Nf3 d5 3. c4 e6 4. g3 dxc4 5. Bg2 c6 6. O-O b5 7. a4 {E04: Open Catalan: 5 Nf3.} Bb7 8. Ne5 a6 9. b3 {The position is equal.} cxb3 10. Qxb3 Be7 11. axb5 axb5 12. Rxa8 Bxa8 13. Qa2 {[#]} Nbd7 $5 $146 {[%cal Bb8d7,Bd7b6,Bb6c4][%mdl 8] An interesting novelty.} ({Predecessor:} 13... Bb7 14. Qa7 Qc8 15. Nc3 O-O 16. Nxb5 Nd5 17. Ba3 cxb5 18. Bxe7 Nxe7 19. Qxb7 Qxb7 20. Bxb7 {1-0 (64) Harikrishna,P (2719)-Druska,J (2506) Legnica 2021}) 14. Nxc6 Bxc6 15. Bxc6 b4 16. Nd2 O-O 17. Nb3 Nd5 18. Qa5 N7b6 19. Bd2 Nc4 20. Qxd8 Rxd8 21. Ra1 Nc3 {Pair of Knights!} 22. e3 e5 (22... Nxd2 $15 {is more appropriate.} 23. Nxd2 e5) 23. Ra8 ({Reject} 23. Ra7 Nxd2 24. Nxd2 Kf8 $15) (23. Bxc3 $11 bxc3 24. Kf1) 23... exd4 {Black is much more active.} 24. exd4 Nxd2 25. Nxd2 Ne2+ 26. Kf1 Nxd4 27. Rxd8+ Bxd8 $15 {[%mdl 4096] Endgame KBN-KBN} 28. Bd5 Bb6 29. Bc4 Kf8 30. Nb3 Nf5 31. Ke2 g6 32. h3 Nd6 33. Bd3 Ke7 34. g4 Ke6 35. f4 Kd5 36. Kf3 h5 37. gxh5 gxh5 38. Kg3 Bd8 39. Kf3 h4 40. Ba6 Bf6 (40... Nf5 $142 41. Bb5 Be7) 41. Bd3 Bd8 (41... Bc3 $17 42. Ke3 Be1) 42. Ke2 (42. Ba6 $1 $11) 42... Ne4 43. Kf3 f5 44. Bb5 Bb6 45. Bd3 Bc7 46. Ke3 Ng3 47. Kf3 Bb6 48. Bb5 Ke6 49. Bc4+ Kf6 50. Nc1 Ne4 {Hoping for ...Nd2+.} 51. Nb3 {To avoid Nd2+} Nd6 52. Bd3 Nb7 53. Bc4 Nd8 54. Nc1 $1 Ne6 55. Ne2 Bc7 56. Ke3 Nc5 57. Nc1 Ne4 58. Nb3 Bb6+ 59. Kf3 $1 Nf2 60. Kg2 Nd1 61. Kf3 Ne3 62. Bd3 Nd5 {aiming for ...Bc7.} 63. Bc4 Ne7 64. Nc1 Nc6 65. Nb3 Bc7 66. Ke3 Nd8 {White must now prevent ...Ne6.} 67. Nc1 Ne6 68. Ne2 $1 Nc5 69. Nc1 $1 {Prevents b3.} Bd6 70. Kf3 Ne6 71. Ne2 Bf8 72. Ke3 Bg7 (72... Be7 $17) 73. Kf3 (73. Nd4 $11 {should be considered.} Nxd4 74. Kxd4) 73... Bh6 $17 74. Bd5 Nc5 75. Nc1 {Inhibits b3.} Bf8 76. Bc4 Ne6 {[%cal Oe6f4] Strongly threatening ...Nxf4!} 77. Bd5 $2 {[%mdl 8192] [#]} (77. Nd3 $15) 77... Nxf4 $1 $19 {[%mdl 512]} 78. Kxf4 {And now Nd3 would win.} (78. Bc6 Nxh3) 78... Bh6+ {[%mdl 64] Skewer} 79. Kf3 Bxc1 {KB-KB} 80. Bb3 Ke5 81. Bg8 Kd4 82. Be6 Ke5 83. Bg8 $1 Bg5 {Black mates.} 84. Bf7 Kd4 85. Be6 {[#]} f4 $1 86. Bf7 Kc3 87. Ke2 b3 88. Bg6 Kb2 89. Kd1 Ka1 {Weighted Error Value: White=0.14 (very precise) /Black=0.13 (very precise)} 0-1

[Event "GibChess Battle of the Sexes 2022"]
[Site "Caleta"]
[Date "2022.02.02"]
[Round "9.4"]
[White "Muzychuk, Mariya"]
[Black "Bellahcene, Bilel"]
[Result "1/2-1/2"]
[WhiteElo "2539"]
[BlackElo "2512"]
[Annotator "TA"]
[PlyCount "30"]
[EventDate "2022.01.01"]
[EventType "schev"]
[EventCountry "GGB"]
[SourceTitle "playchess.com"]
[Source "ChessBase"]
[SourceQuality "1"]

{[%evp 9,30,11,56,50,61,9,10,15,8,6,7,16,0,5,7,10,8,0,0,-8,-15,-7,-6]} 1. e4 c5 2. Nf3 Nc6 3. Bb5 e6 4. O-O Nge7 5. Re1 b6 (5... a6 $11 6. Be2 d5) 6. c3 {B30: Sicilian: 2...Nc6 3 Bb5, lines without ...g6.} a6 {[#]} 7. Bxc6 $146 {White is more active.} ({White should play} 7. Ba4 $14) ({Predecessor:} 7. Ba4 c4 8. Na3 b5 9. Bc2 Ng6 10. b3 Nce5 11. bxc4 bxc4 12. Nxe5 Nxe5 13. Qe2 {0-1 (58) Amin,B (2680)-Carlsen,M (2856) Warsaw 2021}) 7... Nxc6 $11 {The position is equal.} 8. d4 d5 9. exd5 Qxd5 10. dxc5 {[#] And now Qxd5 would win.} Qxd1 11. Rxd1 Bxc5 12. Nbd2 Bb7 13. Nc4 b5 14. Nd6+ Bxd6 15. Rxd6 Ke7 {Weighted Error Value: White=0.13 (very precise) /Black=0.08 (flawless)} 1/2-1/2

[Event "GibChess Battle of the Sexes 2022"]
[Site "Caleta"]
[Date "2022.02.02"]
[Round "9.5"]
[White "Houska, Jovanka"]
[Black "Gallagher, Joseph G."]
[Result "1-0"]
[WhiteElo "2365"]
[BlackElo "2447"]
[Annotator "TA"]
[PlyCount "63"]
[EventDate "2022.01.01"]
[EventType "schev"]
[EventCountry "GGB"]
[SourceTitle "playchess.com"]
[Source "ChessBase"]
[SourceQuality "1"]

{[%evp 13,63,25,30,27,43,43,47,43,42,44,43,35,99,32,44,9,23,20,111,84,72,77,129,85,116,117,111,103,226,229,339,277,265,262,402,400,445,454,446,434,503,505,523,510,525,514,656,518,511,483,469,439]} 1. d4 Nf6 2. Nf3 g6 3. g3 Bg7 4. Bg2 O-O 5. O-O d6 6. b3 c5 {6...e5 deserves study.} 7. c4 d5 8. Bb2 {D78: Fianchetto Grünfeld: 6 0-0 c6.} Nc6 {was the old line (8...dxc4).} 9. dxc5 dxc4 10. Ne5 {White is slightly better.} Qa5 11. Nxc6 bxc6 {[#]} 12. Nd2 $146 (12. Bxc6 Rb8 $11) ({Predecessor:} 12. Qc2 Be6 13. Nd2 cxb3 14. axb3 Qb5 15. e4 Rfb8 16. Rfd1 Nd7 17. Bxg7 Kxg7 18. Qc3+ {0-1 (33) Donchenko,A (2309)-Gallagher,J (2502) Plovdiv 2012}) 12... cxb3 (12... Be6 $14 13. Qc2 (13. Nxc4 Bxc4 14. bxc4 Rab8 $14) (13. bxc4 Qxc5 14. e3 Rad8 $11) (13. Bxc6 $2 Rad8 $19) 13... cxb3 14. axb3 Qb5) 13. Nxb3 (13. Bxc6 $16 Rb8 14. Nxb3) 13... Qc7 14. Nd4 Rb8 15. Rb1 Bf5 (15... Bd7 $1 $11 {remains equal.}) 16. Nxf5 gxf5 17. Bc3 $36 {[%mdl 2048] Black is under strong pressure. This bishop pair is nice.} e6 ({Black should try} 17... Ng4 18. Bxg7 Kxg7) 18. Qd6 (18. Rxb8 $142 Rxb8 19. Qa1) 18... Qxd6 19. cxd6 {And now Ba5 would win.} Ne4 20. Bxe4 fxe4 {[#] Black cannot hold the game after this.} (20... Bxc3 $16 {keeps fighting.} 21. Bxc6 Rfd8) 21. Ba5 $1 $18 Bd4 (21... Bf6 $142 22. d7 Kg7) 22. Bc7 Rbc8 23. Rfc1 Be5 (23... e3 {was necessary.} 24. Rxc6 exf2+ 25. Kf1 Be5) 24. Rb7 f5 25. Rxa7 {White is clearly winning.} Rf7 {[%cal Oe5d6]} 26. Ra5 Bf6 27. Rxc6 Rd7 28. a4 Kf7 29. Kg2 Be7 30. dxe7 Rdxc7 31. e8=Q+ Kxe8 32. Rxe6+ {Weighted Error Value: White=0.17 (very precise) /Black=0.42} 1-0

[Event "GibChess Battle of the Sexes 2022"]
[Site "Caleta"]
[Date "2022.02.02"]
[Round "9.6"]
[White "Stefanova, Antoaneta"]
[Black "Haria, Ravi"]
[Result "1-0"]
[WhiteElo "2469"]
[BlackElo "2490"]
[Annotator "TA"]
[PlyCount "55"]
[EventDate "2022.01.01"]
[EventType "schev"]
[EventCountry "GGB"]
[SourceTitle "playchess.com"]
[Source "ChessBase"]
[SourceQuality "1"]

{[%evp 9,55,8,18,-10,0,5,9,15,12,7,21,7,16,18,4,0,289,295,293,298,370,366,422,424,412,350,323,331,353,335,384,386,405,405,413,393,402,359,394,397,402,392,575,560,625,611,623,607]} 1. d4 e6 2. c4 Nf6 3. Nf3 {[%cal Bg1f3,Bf3d4,Bd4b5][%mdl 32]} d5 4. g3 Be7 5. Bg2 O-O 6. Qd3 {E06: Closed Catalan: Early deviations.} c5 7. O-O cxd4 8. Nxd4 {[#] The position is equal.} Na6 $146 ({Predecessor:} 8... e5 9. Nf5 dxc4 10. Qxd8 Bxd8 11. Nd6 Nc6 12. Nc3 Be7 13. Nxc4 Be6 14. Bxc6 Bxc4 15. Bxb7 {½-½ (31) Gelfand,B (2650)-Ganguly,S (2563) Riga 2021}) 9. cxd5 Nb4 10. Qb3 e5 11. Nb5 {next N1c3 is good for White.} Nbxd5 ({Much less strong is} 11... Nfxd5 12. a3 Qa5 {[#]} 13. axb4 $1 $18 (13. Bxd5 Nxd5 14. Qxd5 Rd8 $16)) 12. Rd1 {[%cal Rg2d5]} Qa5 $2 {[%mdl 8192] [#] Black is now going downhill.} 13. Bxd5 $18 Nxd5 14. Qxd5 Be6 15. Qxb7 Rad8 16. Bd2 Bb4 17. N5c3 ({But not} 17. N1c3 Rd7 18. Qc6 a6 $18) 17... Rd7 18. Qe4 Rfd8 19. Qc2 h6 20. a3 Be7 21. e4 {[%cal Be2e4,Be4f5][%mdl 32]} Bg4 22. Re1 Rc8 23. Kg2 Qa6 24. h3 Be6 25. Be3 f5 (25... Qb7 $142 26. Nd2 Rd6) 26. exf5 {White is clearly winning.} Bd5+ 27. Kh2 Ba8 28. Nd2 {Weighted Error Value: White=0.08 (flawless) /Black=0.43} 1-0

[Event "GibChess Battle of the Sexes 2022"]
[Site "Caleta"]
[Date "2022.02.02"]
[Round "9.7"]
[White "Cramling, Pia"]
[Black "Bwalya, Gillan"]
[Result "1-0"]
[WhiteElo "2452"]
[BlackElo "2404"]
[Annotator "TA"]
[PlyCount "119"]
[EventDate "2022.01.01"]
[EventType "schev"]
[EventCountry "GGB"]
[SourceTitle "playchess.com"]
[Source "ChessBase"]
[SourceQuality "1"]

{[%evp 18,119,44,30,78,59,74,56,66,54,75,62,52,71,63,64,69,15,41,14,13,7,10,3,4,3,2,4,20,20,20,20,20,20,20,20,20,20,20,20,70,70,62,30,45,38,42,36,36,24,52,43,57,31,55,38,54,45,41,16,21,20,74,0,26,28,77,86,74,33,96,119,139,139,284,275,259,245,397,394,264,162,162,70,382,317,293,239,286,8,8,8,8,12,29981,29982,29982,29983,29983,29984,29984,29985,29985,29986]} 1. Nf3 d5 2. d4 e6 3. c4 c5 4. cxd5 exd5 5. g3 Nf6 6. Bg2 Nc6 7. O-O Be7 8. dxc5 Bxc5 9. Bg5 Be6 10. Nc3 d4 {is the legacy move (10...0-0). D34: Tarrasch Defence: 6 g3 Nf6 7 Bg2 Be7.} (10... O-O $11) 11. Bxf6 Qxf6 12. Ne4 {[%csl LRc5,LRf6] Pair of Knights!} Qe7 {White is slightly better.} 13. Nxc5 Qxc5 14. b4 Qxb4 15. Rb1 {[#]} Qc5 $146 ({Predecessor:} 15... Qd6 16. Rxb7 O-O 17. Qa4 Rab8 18. Rfb1 Rxb7 19. Rxb7 Bd5 20. Qa6 Qc5 21. Rc7 Qd6 22. Rxa7 {½-½ (47) Stockmann,M (2275)-Baeuml,U (2103) Bad Wiessee 2013}) 16. Rxb7 O-O 17. Rb2 (17. Qc1 $14 Qxc1 18. Rxc1) 17... Rad8 {[%cal Od4d3]} 18. Rd2 Rd6 19. Qc1 Qa5 20. Rc2 Nb4 21. Qd2 d3 22. Rb2 dxe2 23. Qxd6 exf1=Q+ 24. Bxf1 Qd5 25. Qxd5 Bxd5 26. Rxb4 Bxf3 27. Bg2 Bxg2 28. Kxg2 $11 {[%mdl 4096] Endgame KR-KR} Ra8 (28... f6 $1 $11) 29. Rb5 $14 Kf8 30. Ra5 Ke7 31. g4 Kd7 32. Kg3 a6 33. h4 Ra7 34. Kf4 Ke6 35. f3 Ra8 36. h5 f6 37. Kg3 g6 38. Kf4 Ra7 39. Ke4 Kd6 (39... Kf7 $11 {remains equal.}) 40. Kf4 (40. f4 $16) 40... Ke6 $11 41. Ke3 Kd6 (41... Kf7 $11 {deserves consideration.}) 42. f4 $1 $16 Ra8 43. Kd4 (43. h6 $16) 43... Ra7 (43... Ke7 $14) 44. h6 Ra8 45. f5 $1 gxf5 (45... Ke7 $16 46. fxg6 hxg6) 46. gxf5 $18 ({Worse is} 46. Rxf5 Ke6 $11) 46... Kc6 47. Ra3 Rd8+ $2 (47... a5 48. Rc3+ Kd7) 48. Kc4 Kb6 49. Rb3+ Kc6 {[#]} 50. Re3 $1 {Black must now prevent Re6+.} Rd5 $2 {[%mdl 8192]} (50... Rd2 $1 $14) 51. Re6+ Rd6 {...Rxe6 is the strong threat.} 52. Re8 {Strongly threatening Rc8+.} Rd2 {[#]} 53. Rc8+ $2 ({Don't play} 53. Re6+ $6 Rd6 54. Re7 Rd2 $16) ({White must play} 53. a4 $1 $18) 53... Kd7 $1 $11 54. Rh8 Rxa2 (54... Rc2+ $2 55. Kd5 Rd2+ 56. Ke4 $18) 55. Rxh7+ Ke8 $2 {[%mdl 8192]} (55... Kc6 $11) 56. Ra7 {White mates.} Rh2 57. h7 Kf8 58. Kd5 a5 59. Ke6 a4 60. Kxf6 {Weighted Error Value: White=0.16 (very precise) /Black=0.41} 1-0

[Event "GibChess Battle of the Sexes 2022"]
[Site "Caleta"]
[Date "2022.02.02"]
[Round "9.8"]
[White "Abdumalik, Zhansaya"]
[Black "Rosen, Eric"]
[Result "1-0"]
[WhiteElo "2491"]
[BlackElo "2356"]
[Annotator "TA"]
[PlyCount "99"]
[EventDate "2022.01.01"]
[EventType "schev"]
[EventCountry "GGB"]
[SourceTitle "playchess.com"]
[Source "ChessBase"]
[SourceQuality "1"]

{[%evp 14,99,47,58,44,16,23,10,33,0,0,0,0,0,0,-22,-28,-14,69,50,53,8,18,21,139,139,151,108,115,-47,-28,-150,-9,-18,0,-68,-58,-64,-25,-176,-179,-188,-157,-174,-162,-156,-98,-140,-87,-181,-129,-162,-144,-166,-151,-225,-94,-225,-131,-123,0,-83,871,868,861,829,1417,1369,1689,1690,2504,2504,2010,1515,1806,1579,1538,1618,1532,1551,1458,1641,1644,1455,29969,29964,5235,4798]} 1. e4 c5 2. Nf3 d6 3. d4 Nf6 4. Nc3 cxd4 5. Nxd4 g6 6. Be3 Bg7 7. f3 a6 8. Qd2 h5 {B75: Sicilian Dragon: Yugoslav Attack, Miscellaneous.} 9. O-O-O b5 {To avoid Bc4} 10. Kb1 Bb7 {Inhibits Nd5. The position is equal.} 11. h4 Nbd7 12. a3 Qc7 {[#]} 13. Be2 $146 ({Predecessor:} 13. Bg5 Rc8 14. Bd3 Nb6 15. f4 Ng4 16. e5 dxe5 17. fxe5 Bxe5 18. Be4 Nc4 19. Qe2 Bxe4 20. Nxe4 {0-1 (42) Jonasson,B (2285)-Steigman,A (2213) ICC INT 2000}) 13... Rb8 14. Rc1 Ba8 15. Na2 d5 ({Black should play} 15... Ne5 $11) 16. Nb4 $14 {White is more active.} Qd6 17. Nb3 (17. Rhd1 $14) 17... O-O $11 18. Rhd1 {[%cal Re4d5]} Nb6 (18... Rbc8 $11) 19. Bc5 $16 (19. Nxa6 $6 Nc4 20. Bxc4 bxc4 21. Nxb8 Rxb8 $11) 19... Qh2 20. Nxa6 ({Better is} 20. Rh1 $1 {[%cal Rh1h2]} Qg3 21. Nxa6) 20... Nc4 21. Qe1 (21. Bxc4 $16 bxc4 22. Rh1 $1 (22. Nxb8 Rxb8 23. Rh1 Qc7 $14) (22. Bxe7 cxb3 23. Nxb8 bxc2+ 24. Rxc2 Rxb8 $11)) 21... Rbc8 $1 $15 22. Qg1 (22. Bxe7 Rfe8 23. Bxf6 Bxf6 24. Bxc4 bxc4 $17) (22. e5 $1 $11 {remains equal.} Qxe5 23. Bxc4 Qxe1 24. Rxe1 dxc4 25. Bxe7 cxb3 26. Bxf8 bxc2+ 27. Rxc2 Rxf8 28. Nc7) 22... Qe5 (22... Qxg1 $17 23. Rxg1 dxe4) 23. Bd4 $11 Qd6 24. Nb4 (24. e5 $1 $11 Qxa6 25. exf6 Bxf6 26. f4) 24... dxe4 $15 25. fxe4 Bxe4 26. g4 $2 (26. Nd2 $1 $11 {and White is okay.} Qe6 27. Bxc4 bxc4 28. Qe3) 26... Qe6 $1 $19 {[%cal Oc4a3] Hoping for ...Nxa3+!} (26... hxg4 27. Bxg4 Bh6 28. Bc5 $15) 27. Bxc4 (27. Nc5 $2 Rxc5 $1 28. Ka1 (28. Bxc5 $2 Nxa3+ 29. Ka1 Nd5 $19) 28... Rc7 $19) 27... bxc4 ({Not} 27... Rxc4 28. gxh5 (28. Nd2 $2 Rxb4 29. Nxe4 Rxd4 $19) 28... Nxh5 29. Nc5 $11) (27... Qxc4 28. Nd2 Qe2 29. gxh5 Nxh5 30. Bxg7 Nxg7 31. Nxe4 Qxe4 32. Rd4 $14) 28. Nc5 {[#]} Rxc5 {[%mdl 512]} 29. Bxc5 Nxg4 (29... c3 $142 {( -> ...Qb3)} 30. Bd4 cxb2 31. Kxb2 hxg4) 30. Ka2 {Prevents Qb3+.} (30. Bd4 $142) 30... Ra8 (30... Bf6 $142 31. Qg3 Be5) 31. Bb6 (31. Bd4 $17 {might work better.}) 31... Bh6 {This bishop pair is nice.} (31... Bf6 $19 32. Bf2 c3+ 33. b3 Qf5) 32. Rb1 c3+ 33. b3 Bd2 {Prevents Re1.} 34. Bc5 (34. Re1 $17 {was worth a try.}) 34... Qf6 (34... Qf5 $19 {[%cal Og4e3] aiming for ...Ne3!} 35. Rf1 Qe5) 35. Rf1 {[#]} (35. Re1 $17 Bxe1 36. Rxe1) 35... Qxh4 (35... Qe5 $1 $19 {[%cal Od2e3]} 36. Rbe1 Bxe1 37. Rxe1 Rc8) 36. Qd4 $17 f5 (36... Ne3 $17 {White must now prevent ...Qg4.} 37. Qe5 Nxf1) 37. Qc4+ (37. Nd5 $1 $11 Kh7 38. Nxc3 (38. Bxe7 Qh2 $17) 38... Bxc3 39. Qxc3) 37... Kf8 $2 {[%mdl 8192]} (37... Kg7 $17 38. Bd4+ e5 39. Bxc3 Bxc3 40. Qc7+ Kh6 41. Qxc3 Qe7) 38. Qxe4 $1 $18 Ra5 39. Qd4 Qf6 {Prevents Qh8+.} 40. Qd8+ Kf7 41. Qxa5 Qe5 42. Qa7 Qe4 43. Qd7 h4 44. Rbd1 h3 45. Rxd2 cxd2 46. Qxd2 {Strongly threatening Re1.} h2 47. Qd5+ Qxd5 48. Nxd5 e5 49. a4 Ke6 50. c4 {What a bad dream for Black.  Weighted Error Value: White=0.50/Black=0.37} 1-0

[Event "GibChess Battle of the Sexes 2022"]
[Site "Caleta"]
[Date "2022.02.02"]
[Round "9.9"]
[White "Sebag, Marie"]
[Black "Aziz, Husain"]
[Result "1/2-1/2"]
[WhiteElo "2460"]
[BlackElo "2357"]
[Annotator "TA"]
[PlyCount "88"]
[EventDate "2022.01.01"]
[EventType "schev"]
[EventCountry "GGB"]
[SourceTitle "playchess.com"]
[Source "ChessBase"]
[SourceQuality "1"]

{[%evp 9,88,21,18,22,22,10,10,10,13,6,6,4,2,0,0,0,0,-10,-11,-33,-38,-38,-33,-41,-26,-44,-43,-42,-22,-22,-26,-32,-22,-40,-35,-41,-41,-41,-41,-41,-41,-33,-33,-7,0,-33,-10,-7,-8,-31,-31,-29,-32,-42,-29,-31,0,-39,0,-36,-21,-62,0,0,0,0,0,0,0,0,0,0,0,0,0,0,0,0,0,0,0]} 1. e4 e5 2. Nf3 Nc6 3. Bb5 Nf6 4. d3 Bc5 5. Bxc6 dxc6 6. Nbd2 {C65: Ruy Lopez: Berlin Defence (3...Nf6), unusual lines and 4 0-0 Bc5.} Be6 {6...Nd7 is a critical line.} 7. Qe2 Bd6 8. b3 {[#]} Qe7 $146 ({Predecessor:} 8... O-O 9. Bb2 Nd7 10. O-O Qf6 11. Rfe1 c5 12. h3 Nb8 13. c3 Qg6 14. Kh1 Nc6 {1-0 (54) Amonatov,F (2615)-Navara,D (2740) Batumi 2018}) 9. a4 a5 10. O-O Nd7 11. Nc4 Bxc4 12. bxc4 b6 13. Kh1 Nc5 14. Bb2 O-O-O 15. Rfe1 {[#] Threatens to win with d4.} Rhe8 16. Nd2 {[%cal Of2f4]} f6 17. Bc3 Qf7 18. Qf3 Kb7 19. Reb1 Ra8 20. Qe3 Red8 21. f3 Qe7 22. Qe1 Kc8 23. Nb3 Nxb3 24. Rxb3 Bc5 25. Rab1 h5 26. Qh4 Kb7 27. Qe1 (27. Qxh5 {seems wilder.} Rh8 28. Qg4 Bf2 29. g3 g5 30. h3) 27... Bb4 28. Bxb4 axb4 29. Rxb4 {[%cal Oa4a5]} c5 30. Rb5 Rxa4 31. Qf2 Kc6 32. f4 Rda8 33. h3 Ra1 34. Qf3 h4 35. Qg4 (35. Qh5 $11) 35... Rxb1+ (35... exf4 $15 36. Qxf4 g5) 36. Rxb1 $15 {[%mdl 4096] Endgame KQR-KQR. The position is equal.} Ra2 37. Rc1 exf4 38. Qxf4 g5 $1 39. Qf5 {[%csl Gc4,Ge4][%cal Rf5d5] [#]} Qe5 40. Qc8 Ra1 41. Rxa1 Qxa1+ 42. Kh2 Qe5+ 43. Kh1 Qa1+ 44. Kh2 Qe5+ {Weighted Error Value: White=0.08 (flawless) /Black=0.06 (flawless)} 1/2-1/2

[Event "GibChess Battle of the Sexes 2022"]
[Site "Caleta"]
[Date "2022.02.02"]
[Round "9.10"]
[White "Efroimski, Marsel"]
[Black "Cheng, Bobby"]
[Result "1/2-1/2"]
[WhiteElo "2429"]
[BlackElo "2550"]
[Annotator "TA"]
[PlyCount "29"]
[EventDate "2022.01.01"]
[EventType "schev"]
[EventCountry "GGB"]
[SourceTitle "playchess.com"]
[Source "ChessBase"]
[SourceQuality "1"]

{[%evp 14,29,0,-20,-24,0,0,0,25,27,27,0,0,0,16,0,0,0]} 1. e4 e6 2. d4 d5 3. e5 c5 4. c3 Qb6 5. Nf3 Nc6 6. Be2 cxd4 7. cxd4 Nh6 8. Bxh6 $1 {[%mdl 4] [#] Black must now prevent Bc1. outshines the older 8.Nc3.} Qxb2 {C02: French: Advance Variation.} 9. Nbd2 {Hoping for Be3.} gxh6 10. O-O Bd7 11. Rb1 Qxa2 {[#]} 12. Ra1 $146 (12. Rxb7 $5 {[%cal Rd1a1]} Nd8 13. Rb1 $11) ({Predecessor:} 12. Rxb7 Rb8 13. Qa1 Qxa1 14. Rxb8+ Nxb8 15. Rxa1 Bb4 16. Rxa7 O-O 17. Rb7 Bc3 18. Nf1 Rc8 19. Ng3 Bc6 20. Rb1 {0-1 (43) Csonka,B (2490)-Vachier Lagrave,M (2751) Chess.com INT 2021}) 12... Qb2 {The position is equal.} 13. Rb1 Qa2 14. Ra1 {[%mdl 1024] White has compensation.} Qb2 15. Rb1 {An interesting draw.  Weighted Error Value: White=0.13 (very precise) /Black=0.05 (flawless)} 1/2-1/2